Statistics for FC Bayern München Legends

Click here to take the quiz!

General Stats

  • This quiz has been taken 118 times
  • The average score is 16 of 24

Answer Stats

Answer% Correct
Gerd Müller
100%
Thomas Müller
99%
Arjen Robben
98%
Franck Ribéry
98%
Manuel Neuer
97%
Robert Lewandowski
97%
Oliver Kahn
94%
Philipp Lahm
91%
Bastian Schweinsteiger
87%
Franz Beckenbauer
86%
Michael Ballack
84%
Mario Gómez
79%
Lothar Matthäus
76%
Karl-Heinz Rummenigge
57%
Mark van Bommel
51%
Stefan Effenberg
42%
Hasan Salihamidžić
41%
Sepp Maier
40%
Paul Breitner
37%
Uli Hoeneß
35%
Bixente Lizarazu
30%
Mehmet Scholl
27%
Klaus Augenthaler
19%
Hans-Georg Schwarzenbeck
13%

Score Distribution

Percentile by Number Answered

Percent of People with Each Score

Your Score History

You have not taken this quiz